[Event "La Pobla de Lillet op-B 30th"]
[Site "La Pobla de Lillet"]
[Date "2021.08.04"]
[Round "3"]
[White "Puente Fernandez, Lucas"]
[Black "Torralba Brosa, Marc"]
[Result "0-1"]
[WhiteElo "1681"]
[BlackElo "1776"]
[PlyCount "66"]
[EventDate "2021.08.02"]
[EventType "swiss"]
[EventRounds "9"]
[EventCountry "ESP"]
[SourceTitle "EXT 2022"]
[Source "ChessBase"]
[SourceDate "2021.10.06"]
[SourceVersion "1"]
[SourceVersionDate "2021.10.06"]
[SourceQuality "1"]

1. c4 c5 2. Nc3 Nc6 3. g3 g6 4. Bg2 Bg7 5. e4 e5 6. Nge2 Nge7 7. 0-0 d6 8. d3 h5 9. h4 Bg4 10. Be3 Qd7 11. a3 Rb8 12. Rb1 a5 13. Qd2 0-0 14. Nd5 b5 15. Nec3 bxc4 16. dxc4 Nxd5 17. Nxd5 Nd4 18. f4 exf4 19. Bxf4 Ne2+ 20. Kh2 Nxf4 21. Qxf4 Be2 22. Rfc1 Bd3 23. Ra1 Rxb2 24. Nf6+ Bxf6 25. Qxf6 Rfb8 26. Qf4 Re2 27. Kh1 Rbb2 28. Bf1 Rh2+ 29. Kg1 Bxf1 30. Qxf1 Qg4 31. Rc3 Qxe4 32. Rf3 Qd4+ 33. Rf2 Rhxf2 0-1

[Event "La Pobla de Lillet op-B 30th"]
[Site "La Pobla de Lillet"]
[Date "2021.08.02"]
[Round "1"]
[White "Gomez Sanchez, Javier"]
[Black "Puente Fernandez, Lucas"]
[Result "0-1"]
[WhiteElo "1386"]
[BlackElo "1681"]
[PlyCount "54"]
[EventDate "2021.08.02"]
[EventType "swiss"]
[EventRounds "9"]
[EventCountry "ESP"]
[SourceTitle "EXT 2022"]
[Source "ChessBase"]
[SourceDate "2021.10.06"]
[SourceVersion "1"]
[SourceVersionDate "2021.10.06"]
[SourceQuality "1"]

1. d4 d5 2. Bf4 Nf6 3. c4 e6 4. h3 c5 5. Nf3 Nc6 6. Nc3 Bd6 7. Bg5 dxc4 8. e4 cxd4 9. Nxd4 Qb6 10. Bxf6 gxf6 11. Ndb5 Bb4 12. Bxc4 a6 13. Nd6+ Bxd6 14. Qxd6 Qxb2 15. 0-0 Qxc3 16. Bb3 Rg8 17. Ba4 Bd7 18. Rfd1 0-0-0 19. Qh2 Qe5 20. f4 Qxe4 21. Rab1 Qxa4 22. f5 e5 23. g3 Nd4 24. Qg2 Bc6 25. Rdc1 Kb8 26. Qb2 Nf3+ 27. Kf1 Nd2+ 0-1

[Event "Sant Andreu Tram-C"]
[Site "Barcelona"]
[Date "2019.09.14"]
[Round "1.1"]
[White "Puente Fernandez, Lucas"]
[Black "Lobo Pereira, Arami"]
[Result "1-0"]
[WhiteElo "1521"]
[BlackElo "1542"]
[PlyCount "32"]
[EventDate "2019.09.14"]
[EventType "tourn"]
[EventRounds "9"]
[EventCountry "ESP"]
[SourceTitle "EXT 2024"]
[Source "ChessBase"]
[SourceDate "2023.10.10"]
[SourceVersion "1"]
[SourceVersionDate "2023.10.10"]
[SourceQuality "1"]

1. c4 e5 2. Nc3 Nc6 3. g3 Nf6 4. Bg2 d6 5. e4 Be6 6. d3 g6 7. Nge2 Bg7 8. 0-0 0-0 9. f4 Qc8 10. Nd5 Bxd5 11. cxd5 Ne7 12. fxe5 Nd7 13. exd6 cxd6 14. Bg5 Re8 15. Rc1 Qd8 16. Qd2 Qb6+ 1-0

[Event "ESP-ch U10"]
[Site "Salobrena Granada"]
[Date "2017.07.04"]
[Round "3"]
[White "Herranz Suarez, David"]
[Black "Puente Fernandez, Lucas"]
[Result "1-0"]
[WhiteElo "1486"]
[BlackElo "1270"]
[PlyCount "91"]
[EventDate "2017.07.03"]
[EventType "swiss"]
[EventRounds "9"]
[EventCountry "ESP"]
[SourceTitle "EXT 2024"]
[Source "ChessBase"]
[SourceDate "2023.10.10"]
[SourceVersion "1"]
[SourceVersionDate "2023.10.10"]
[SourceQuality "1"]

1. d4 d5 2. Bf4 Nf6 3. e3 Bf5 4. Nf3 e6 5. Nbd2 Nbd7 6. Rc1 Be7 7. c4 c6 8. Be2 0-0 9. 0-0 Rc8 10. Nh4 b6 11. Nxf5 exf5 12. Qc2 Ne4 13. Bd3 Ndf6 14. f3 Nxd2 15. Qxd2 Bd6 16. Bxf5 Rb8 17. Bxd6 Qxd6 18. Qe1 dxc4 19. Rxc4 Qd5 20. Bd3 Rfe8 21. e4 Qe6 22. b3 Nd5 23. Rf2 Nf4 24. Bf1 Qg6 25. Kh1 Qg5 26. Rxc6 Re6 27. Rfc2 Rxc6 28. Rxc6 Ne6 29. Qc3 h6 30. d5 Nf8 31. d6 Kh7 32. Bc4 b5 33. Bxf7 b4 34. Qc5 Qf6 35. Qf5+ Qxf5 36. exf5 Nd7 37. f4 Rb5 38. Be6 Nf8 39. d7 Nxe6 40. fxe6 Rd5 41. Kg1 Rd1+ 42. Kf2 Rd2+ 43. Ke3 Rd1 44. e7 Rxd7 45. e8Q Rd1 46. Qe4+ 1-0

[Event "ESP-ch U10"]
[Site "Granada"]
[Date "2016.06.29"]
[Round "4"]
[White "Garijo Perez, Hugo"]
[Black "Puente Fernandez, Lucas"]
[Result "0-1"]
[WhiteElo "1408"]
[BlackElo "1185"]
[PlyCount "34"]
[EventDate "2016.06.27"]
[EventType "swiss"]
[EventRounds "9"]
[EventCountry "ESP"]
[SourceTitle "EXT 2024"]
[Source "ChessBase"]
[SourceDate "2023.10.10"]
[SourceVersion "1"]
[SourceVersionDate "2023.10.10"]
[SourceQuality "1"]

1. e4 e6 2. d4 d5 3. exd5 exd5 4. Nf3 Nc6 5. c3 Bd6 6. Bd3 Nge7 7. 0-0 Bf5 8. Bxf5 Nxf5 9. Re1+ Nfe7 10. Qd3 f6 11. Kh1 Qd7 12. Nbd2 0-0-0 13. Ng1 Nb8 14. b4 Bxb4 15. cxb4 a6 16. a4 Ng8 17. Re8 Rxe8 0-1

[Event "Roncana op-C 8th"]
[Site "Santa Eulalia de Roncana"]
[Date "2014.11.08"]
[Round "4"]
[White "Puente Fernandez, Lucas"]
[Black "Filipenko, Yan"]
[Result "0-1"]
[WhiteElo "1725"]
[BlackElo "1700"]
[PlyCount "60"]
[EventDate "2014.10.11"]
[EventType "swiss"]
[EventRounds "8"]
[EventCountry "ESP"]
[SourceTitle "EXT 2016"]
[Source "ChessBase"]
[SourceDate "2015.10.08"]
[SourceVersion "1"]
[SourceVersionDate "2015.10.08"]
[SourceQuality "1"]

1. e4 e5 2. Bc4 Nf6 3. Nc3 Bb4 4. Nf3 Nc6 5. Ng5 0-0 6. d3 Bxc3+ 7. bxc3 h6 8. Nf3 d5 9. exd5 Nxd5 10. 0-0 a6 11. Ba3 Re8 12. Qe2 b5 13. Bxd5 Qxd5 14. c4 Qd7 15. Qe4 b4 16. Bxb4 Rb8 17. Ba3 Bb7 18. Rab1 Ba8 19. Rxb8 Rxb8 20. Nxe5 Nxe5 21. Qxe5 Qc6 22. f3 Re8 23. Qg3 Qb6+ 24. Kh1 Re2 25. Bb2 Qxb2 26. Qxc7 Kh7 27. Qxf7 Rxc2 28. h3 Rxg2 29. Qf5+ Rg6 30. Qf8 Qg2# 0-1